Mohou být strnulosti nominálních mezd problémem v situaci deflace způsobené hospodářským růstem?
Skúmanie či strnulosti nominálnych miezd môžu byť problémom v prípade deflácie spôsobenej rastom potencionálneho produktu (negatívne dopady na ekonomiku v prípade deflácie spôsobenej ekonomickým rastom). Preskúmanie Hayekovho návrhu stabilizácie nominálneho HDP, Friedmanovho návrhu na stabilizáciu c...
Na minha lista:
| Autor principal: | |
|---|---|
| Outros Autores: | |
| Formato: | Capítulo de Livro |
| Idioma: | tcheco |
| Assuntos: | |
| Tags: |
Sem tags, seja o primeiro a adicionar uma tag!
|
MARC
| LEADER | 00000naa a2200000 4500 | ||
|---|---|---|---|
| 001 | 0268294 | ||
| 005 | 20200908080441.3 | ||
| 041 | 0 | |a cze | |
| 044 | |a CZ | ||
| 245 | 1 | 0 | |a Mohou být strnulosti nominálních mezd problémem v situaci deflace způsobené hospodářským růstem? |c Tomáš Frömmel, Pavel Potužák |
| 520 | |a Skúmanie či strnulosti nominálnych miezd môžu byť problémom v prípade deflácie spôsobenej rastom potencionálneho produktu (negatívne dopady na ekonomiku v prípade deflácie spôsobenej ekonomickým rastom). Preskúmanie Hayekovho návrhu stabilizácie nominálneho HDP, Friedmanovho návrhu na stabilizáciu cien výrobných faktorov. | ||
| 610 | 2 | 0 | |a deflácia |
| 610 | 2 | 0 | |a mzdy nominálne |
| 610 | 2 | 0 | |a rast hospodársky |
| 610 | 2 | 0 | |a pokrok technologický |
| 610 | 2 | 0 | |a populácia |
| 610 | 2 | 0 | |a politika menová |
| 610 | 2 | 0 | |a stabilita cien |
| 610 | 2 | 0 | |a produkt národný hrubý |
| 100 | 1 | |a Frömmel, Tomáš | |
| 700 | 1 | |a Potužák, Pavel | |